| 000 | 03011nam a22002177a 4500 | ||
|---|---|---|---|
| 003 | TH-BaNU | ||
| 005 | 20230403105239.0 | ||
| 008 | 230403b2022 TH ||||| |||| 00| 0 tha d | ||
| 020 | _a9786163986092 | ||
| 040 | _aTH-BaNU | ||
| 100 | _aฐิติวุฒิ บุญยวงศ์วิวัชร | ||
| 245 | _aกระบวนการสันติภาพแห่งเมียนมา/พม่า : ปฏิสัมพันธ์ระหว่าง รัฐบาล กองทัพ และกลุ่มชาติพันธุ์ | ||
| 260 |
_aกรุงเทพฯ: _bมหาวิทยาลัยเชียงใหม่: _c2565 |
||
| 300 | _a144 หน้า | ||
| 520 | _aในฐานะประเทศบ้านใกล้เรือนเคียงระหว่างไทยกับเมียนมา/พม่า การติดตามกระแสการเปลี่ยนผ่านทั้งทางด้านเศรษฐกิจ สังคม การเมืองและความมั่นคงมีความจำเป็นอย่างยิ่ง กระนั้นตั้งแต่ช่วงหลังยุคสงครามเย็น เป็นต้นมา ภาคส่วนต่างๆ ในประเทศได้ให้ความสนใจในประเด็นที่เกี่ยวข้องกับทางด้านเศรษฐกิจมากขึ้นเป็นพิเศษ จนทำให้ในหลายครั้งกระแสดังกล่าวได้กลับกลายเป็นแรงโต้กลับในการปิดโอกาสการสร้างความรับรู้เรื่องราวอื่นๆ ที่มีผลต่อประเทศไทยและความสัมพันธ์ของประเทศทั้งสอง โดยเฉพาะความขัดแย้งทางด้านชาติพันธุ์ในเมียนมา/พม่า ซึ่งไทยในฐานะของประเทศเพือ่ นบา้ นไดร้ บั ผลกระทบในหลายลกั ษณะ อาทิ ปญั หาผหู้ ลบหนภี ยั จากการสรู้ บปัญหาแรงงานหลบหนีเข้าเมืองอย่างผิดกฎหมาย รวมทั้งปัญหายาเสพติด ซึ่งกลายเป็นปัญหาที่สำคัญและกระทบต่อความมมั่นคงของไทยโดยตรง | ||
| 650 | _aรัฐศาสตร์ | ||
| 850 | _aKCNL | ||
| 856 |
_uhttps://se-ed.belibcloud.com/book-detail/18261 _yse-ed e-library |
||
| 942 |
_2local _cEBK |
||
| 998 | _cbee | ||
| 999 |
_c37587 _d37587 |
||